000 00629cam a22001817a 4500
001 2843424
005 20250213171039.0
008 850314s1984 ilu 000 0 eng
020 _a0896933806
050 0 0 _aMLCS 85/2042 (B)
100 1 _aWiersbe, Warren W.
245 1 0 _aBe alert /
_cWarren W. Wiersbe.
260 _aWheaton, Ill. :
_bVictor Books,
_cc1984.
300 _a168 p. ;
_c21 cm.
856 4 2 _3Contributor biographical information
_uhttp://www.loc.gov/catdir/enhancements/fy0909/84050147-b.html
856 4 2 _3Publisher description
_uhttp://www.loc.gov/catdir/enhancements/fy0909/84050147-d.html
942 _2lcc
_cBK
_n0
999 _c3843
_d3843